000 00809cab a2200241 4500
001 WB2725-42
008 090401t1991 xxu||||| |||| 00| 0 eng d
035 _a(Sirsi) u21203
041 _aeng
245 _aAmendment puts plans into pole position
260 _c1991
350 _a0
490 _aPlanning (for the Natural and Built Environment)
_v(923) 21 June 1991, 1
490 _aEstates Times
_v(1103) 5 July 1991, 3(1)
520 _aDiscusses amendment to the Planning and Compensation Bill currently before Parliament aimed at emphasising the role of the development plan in the planning process .
650 _aMATERIAL CONSIDERATIONS
650 _aPLANNING APPLICAITONS
650 _aPPG1
650 _aRTPI
690 _aPLANNING LAW AND PRACTICE
942 _n0
948 _c04/03/1997
999 _c14233
_d14233